000 00288nam a2200145Ia 4500
100 _aLaxman/R.K
650 _aFiction
942 _cBK
366 _f17.5
245 _aThe Distorted Mirror
260 _bPenquin books
082 _a808.83/LAX
_bLAX
546 _aENGLISH
999 _c23076
_d23076